Santería aesthetics in contemporary Latin American art / (Record no. 334)

MARC details
000 -LEADER
campo de control de longitud fija 02174fam a2200349 a 4500
001 - NÚMERO DE CONTROL
campo de control 1855661
005 - FECHA Y HORA DE LA ÚLTIMA TRANSACCIÓN
campo de control 20220326193303.0
008 - DATOS DE LONGITUD FIJA--INFORMACIÓN GENERAL
campo de control de longitud fija 950530s1996 dcua b 001 0 eng
010 ## - NÚMERO DE CONTROL DE LA BIBLIOTECA DEL CONGRESO
Número de control de LC 95021186
020 ## - NÚMERO INTERNACIONAL ESTÁNDAR DEL LIBRO
Número Internacional Estándar del Libro 1560986441 (alk. paper)
020 ## - NÚMERO INTERNACIONAL ESTÁNDAR DEL LIBRO
Número Internacional Estándar del Libro 1560986158 (pbk. : alk. paper)
035 ## - NÚMERO DE CONTROL DEL SISTEMA
Número de control de sistema (OCoLC)32665068
035 ## - NÚMERO DE CONTROL DEL SISTEMA
Número de control de sistema (OCoLC)ocm32665068
035 ## - NÚMERO DE CONTROL DEL SISTEMA
Número de control de sistema (NNC)1855661
040 ## - FUENTE DE CATALOGACIÓN
Centro catalogador/agencia de origen DLC
Centro/agencia transcriptor DLC
Centro/agencia modificador DLC
-- NNC
-- OrLoB-B
043 ## - CÓDIGO DE ÁREA GEOGRÁFICA
Código de área geográfica cl-----
-- f-dm---
-- f-nr---
082 00 - NÚMERO DE LA CLASIFICACIÓN DECIMAL DEWEY
Número de clasificación 701.04
Número de ítem L748s
100 ## - ENTRADA PRINCIPAL--NOMBRE DE PERSONA
Nombre de persona Arturo Lindsay (editor)
9 (RLIN) 1576
245 00 - MENCIÓN DEL TÍTULO
Título Santería aesthetics in contemporary Latin American art /
Mención de responsabilidad, etc. edited by Arturo Lindsay.
260 ## - PUBLICACIÓN, DISTRIBUCIÓN, ETC.
Lugar de publicación, distribución, etc. Washington :
Nombre del editor, distribuidor, etc. Smithsonian Institution Press,
Fecha de publicación, distribución, etc. c1996.
263 ## - FECHA PROYECTADA DE PUBLICACIÓN
Fecha proyectada de publicación 9606
300 ## - DESCRIPCIÓN FÍSICA
Extensión 306 p. :
Otras características físicas ill. ;
Dimensiones 26 cm.
504 ## - NOTA DE BIBLIOGRAFÍA, ETC.
Nota de bibliografía, etc. Includes bibliographical references and index.
505 00 - NOTA DE CONTENIDO CON FORMATO
Título Foreword /
Mención de responsabilidad Johnnetta B. Cole --
Título Preface /
Mención de responsabilidad Arturo Lindsay --
Información miscelánea 1.
Título From Africa to the Americas: Art in Yoruba Religion /
Mención de responsabilidad Babatunde Lawal --
Información miscelánea 2.
Título From Ulkumi to Lucumi: A Historical Overview of Religious Acculturation in Cuba /
Mención de responsabilidad Isabel Castellanos --
Información miscelánea 3.
Título Afro-Cuban Orisha Worship /
Mención de responsabilidad Miguel "Willie" Ramos --
Información miscelánea 4.
Título Toward an Ethnoaesthetics of Santeria Ritual Arts: The Practice of Altar Making and Gift Exchange /
Mención de responsabilidad David H. Brown --
Información miscelánea 5.
Título Rereading Lam /
Mención de responsabilidad Julia P. Herzberg --
Información miscelánea 6.
Título Juan Boza: Travails of an Artist-Priest, 1941-1991 /
Mención de responsabilidad Ricardo Viera and Randall Morris /
-- Edited by Randall Morris and Julie Edwards --
Información miscelánea 7.
Título Ashe in the Art of Ana Mendieta /
Mención de responsabilidad Mary Jane Jacob --
Información miscelánea 8.
Título Orishas: Living Gods in Contemporary Latino Art /
Mención de responsabilidad Arturo Lindsay --
Información miscelánea 9.
Título Eleggua at the (Post?)Modern Crossroads: The Presence of Africa in the Visual Art of Cuba /
Mención de responsabilidad Gerardo Mosquera --
Información miscelánea 10.
Título Oggun: Proposals Starting from a Video /
Mención de responsabilidad Gloria Rolando --
505 80 - NOTA DE CONTENIDO CON FORMATO
Información miscelánea 11.
Título Signifyin' Saints: Sign, Substance, and Subversion in Afro-Brazilian Art /
Mención de responsabilidad Henry John Drewal.
650 #0 - PUNTO DE ACCESO ADICIONAL DE MATERIA--TÉRMINO DE MATERIA
Término de materia o nombre geográfico como elemento de entrada Art and religion
Subdivisión geográfica Latin America.
9 (RLIN) 1577
650 #0 - PUNTO DE ACCESO ADICIONAL DE MATERIA--TÉRMINO DE MATERIA
Término de materia o nombre geográfico como elemento de entrada Santeria in art.
9 (RLIN) 1578
650 #0 - PUNTO DE ACCESO ADICIONAL DE MATERIA--TÉRMINO DE MATERIA
Término de materia o nombre geográfico como elemento de entrada Yoruba (African people)
Subdivisión general Religion
-- Influence.
9 (RLIN) 1579
650 #0 - PUNTO DE ACCESO ADICIONAL DE MATERIA--TÉRMINO DE MATERIA
Término de materia o nombre geográfico como elemento de entrada Art, Latin American
Subdivisión cronológica 20th century.
9 (RLIN) 1416
700 1# - ENTRADA AGREGADA--NOMBRE PERSONAL
Nombre de persona Lindsay, Arturo.
9 (RLIN) 1580
900 ## - ELEMENTOS DE DATOS A LOCAL, LDA (RLIN)
Numeración TOC
Holdings
Estatus retirado Estado de pérdida Fuente del sistema de clasificación o colocación Estado de daño No para préstamo Biblioteca de origen Biblioteca actual Ubicación en estantería Fecha de adquisición Total de préstamos Signatura topográfica completa Código de barras Visto por última vez Fecha del último préstamo Precio de reemplazo Tipo de ítem Koha
    Clasificación Decimal Dewey     Biblioteca LadoV Biblioteca LadoV   07/11/2014 1 701.04 L748s 000308 12/09/2018 18/07/2018 07/11/2014 Material 01